00337nam a2200121 a 4500008004100000050001500041100003200056245003000088246003600118260003700154300001500191350000900206120416s1964 ||||||||||||||||| || u aHM 101 Are aArensberg, Conrad Maynadier10aIntroducing social change aa manual for Americans overseas aChicagobAldine Publishingc1964 avii, 229p. a0.00